Music Quiz

Random Music or Lyrics Quiz

Scooter Lyrics Quiz Stats

 Plays Quiz not verified by Sporcle

Score 0/30 Timer 06:00
0 Plays Today
Line % Correct
It's the first page of the second chapter!How much is the fish
76.1%
Everybody was happy, energy shining down on me.I'm raving
58%
Respect to the man in the icecream van!Weekend
56.8%
It's nice to be important, but it's more important to be nice.Move your ass!
54.5%
In the midnight hour, she cried more, more, more.Rebel Yell
52.3%
I wanna check the microphone.Back in the UK
50%
Let's go out for a walk to the other side.Faster Harder Scooter
48.9%
The painted cow !Nessaja
47.7%
The K The L The F and ideology.Ramp! (The logical song)
46.6%
Rockin' the business so come on and check this.Call me Manana
45.5%
Goodbye to the past, hello to the future.No Fate
43.2%
With a robotic, narcotic in the pocket.Maria (I like it loud)
36.4%
Can you smell the sun?Endless summer
34.1%
Lakierski materialski, heiligeili. Posse (I need you on the floor)
33%
Are you ready for the sound of Scooter!?Hyper Hyper
28.4%
Line % Correct
Rock it - Gothic doesn't exist. **** the millenium
27.3%
Abfahrt!!!Well done, Peter
22.7%
Up to the pressure, feeling the kicks.Fire
20.5%
Please, jump a little higher.Let me be your Valentine
20.5%
Rough bad on the case, I wanna hit your face.The age of love
19.3%
We're gonna hit you harder!Friends
17%
If you tear down your walls inside.Break it up
15.9%
Tonight I wanna lay by your feet.I was made for lovin' you
15.9%
Posse, make your choice! Come on, feel the noise!We take you higher
12.5%
98, shake dog snake.Kashmir
11.4%
One, two, three, in the place to be.We are the greatest
10.2%
Walking down the beach sparkling lights on the water.Dancing in the moonlight
6.8%
On our journey of sound we gonna make you move.Hands up!
5.7%
S C double O T are, infect ya.Hit the drum
5.7%
From now till then, and we are back again.The revolution
3.4%

You're not logged in!

Compare scores with friends on all Sporcle quizzes.
OR
Log In

Show Comments

Extras

Created Oct 22, 2010ReportNominate
Tags:Lyrics Quiz, drum, hardcore

Top Quizzes Today


Score Distribution

Your Account Isn't Verified!

In order to create a playlist on Sporcle, you need to verify the email address you used during registration. Go to your Sporcle Settings to finish the process.

Report this User

Report this user for behavior that violates our Community Guidelines.

Details: